000 01071cam a22002894a 4500
001 14049133
003 Nust- CAS-E
005 20180118181355.0
008 050722s2006 nyua b 001 0 eng
010 _a 2005021228
020 _a1591690226
040 _aDLC
_cDLC
_dDLC
042 _apcc
050 0 0 _aTK2931
_b.L5 2006
082 0 0 _a621.312429
_222
_bLIX 2006
100 1 _aLi, Xianguo,
_d1962-
245 1 0 _aPrinciples of fuel cells /
_cXianguo Li.
260 _aNew York :
_bTaylor & Francis,
_c2006.
300 _a572 p. :
_bill. ;
_c24 cm.
504 _aIncludes bibliographical references and index.
650 0 _aFuel cells.
856 4 1 _3Table of contents only
_uhttp://www.loc.gov/catdir/toc/ecip0516/2005021228.html
856 4 2 _3Publisher description
_uhttp://www.loc.gov/catdir/enhancements/fy0653/2005021228-d.html
906 _a7
_bcbc
_corignew
_d1
_eecip
_f20
_gy-gencatlg
942 _2ddc
_cBK
999 _c355257
_d355257